00369 a2200157 450000500170000001000130001702000260003003500130005603700090006908200060007810000160008424500300010026000360013027000230016630000220018920240521145659.0 aB-759144 a9789354716454c299.00 aB-759144 bGift aS aMara, Maddy aDragon Games/cMaddy Mara aNew YorkbScholastic Inc.c2023 aNew YorkbNew York a138 p.c19 cm(Hb)